000 010450000a22002890004500
003 EG-GiCUC
008 711109s1963 njua b 000 0 eng
010 _a 63009989
040 _aEG-GiCUC
_beng
_cEG-GiCUC
042 _apremarc
050 0 0 _aHB915
_b.C6
082 _a312.0973
092 0 4 _a304.60973
_bC6524
_221
099 _a04
_a304.60973 C6524
100 1 _aCoale, Ansley J.
245 1 0 _aNew estimates of fertility and population in the United States:
_ba study of annual white births from 1855 to 1960 and of completeness of enumeration in the censuses from 1880 to 1960/
_cby Ansley J. Coale and Melvin Zelnik.
260 _aPrinceton, N.J.:
_bPrinceton University Press,
_c1963.
300 _axvi, 186 p.:
_bdiagrs., tables.;
_c25 cm.
504 _aIncludes bibliographical references
651 0 _aUnited States
_xPopulation.
700 1 _aZelnik, Melvin,
_djoint author.
902 _a1
905 _aEman
_eRev.
905 _aRadwa
_eCat
942 _2ddc
_cBK
999 _c113509
_d113509